General knowledge för Petra #1 - Statistics

General Stats
  • This quiz has been taken 5 times
  • The average score is 15 of 20
Answer Stats
Hint Answer % Correct
Vad är namnet på gymnasieskolan Martin gick på? Lundellska skolan
100%
Vem spelar "Dr Mugg" i serien Dr Mugg? Markoolio
100%
Vem är den regerande världsmästaren i Formel-1? Max Verstappen
100%
Vem spelar Tyrion Lannister i Game of Thrones? Peter Dinklage
100%
I vilket land utspelar sig "The Nun"? Rumänien
100%
Vilket land gränsar till Ghana, Burkina Faso och Benin? Togo
100%
Vilken var den första Disney Pixar-långfilmen? Toy Story
100%
Vilken grekisk gud kan beskrivas såhär? "spådomskonstens, läkekonstens, musikens och diktningens gud" Apollon
67%
Vad hette Alexander Hamiltons fru i förnamn? Elizabeth
67%
Vem har komponerat körstycket "Uti vår hage"? Hugo Alfven
67%
I serien "The boys" kallar Frenchie någon för "mon coeur". Vem? Kimiko
67%
Vilket datorspel utspelar sig på "Summoners Rift"? League of Legends
67%
I vilken stad utspelar sig serien "Dexter" Miami
67%
.... Och från vilket land kommer han? Nederländerna
67%
Från vilken låt är detta utdrag "När du säger det och ligger här bredvid,
Jag är inte lika rädd när du är med"?
Oftast
67%
Vad heter kaptenen/ägaren av rymdskeppet i "Tillbaka till vintergatan"? Peo
67%
Vilken sport associeras Magnus Carlsen till? Schack
67%
Vart kommer rasen Shetlandpony från? Skottland
67%
Vilken regissör har tjänat in mest pengar någonsin bland regissörer? Steven Spielberg
67%
Från vilket film kommer karaktärerna "Ginger, Mac och Mr. Tweedy"? Flykten från hönsgården
33%
No matching quizzes found
Score Distribution
Percent of People with Each Score
Percentile by Number Answered
Your Score History
You have not taken this quiz